The Best F1 Drivers in The 21'th Century (REALISTIC) - Statistics

General Stats
  • This quiz has been taken 19 times
  • The average score is 10 of 15
Answer Stats
Hint Answer % Correct
Fernando Alonso
88%
Fernando Alonso
88%
Fernando Alonso
88%
Fernando Alonso
88%
Fernando Alonso
88%
Fernando Alonso
88%
Fernando Alonso
88%
Fernando Alonso
88%
Fernando Alonso
88%
Nicholas Latifi
41%
Nikita Mazepin
41%
. Lance Stroll
35%
Logan Sargeant
35%
Pastor Maldonado
35%
Esteban Ocon
29%
No matching quizzes found
Score Distribution
Percent of People with Each Score
Percentile by Number Answered
Your Score History
You have not taken this quiz